000 00569cam a2200229 4500
001 J106
008 090401t1967 xxu||||| |||| 00| 0 eng d
035 _a(Sirsi) u73391
041 _aeng
050 _a912
245 4 _aThe library atlas.
250 _a9th ed.
260 _aLondon
_bGeorge Philip & Son Limited
_c1967
300 _axxiii,208,87p. : ill.,maps ; 28cm.
350 _a3.5
650 _aATLASES
690 _aMAPPING AND MEASUREMENT
700 _aDarby, H.C.
_xEditor
700 _aFullard, Harold
_xEditor
942 _n0
948 _c04/03/1997
999 _c95585
_d95585